00545cam a22002171 4500001001300000003000400013005001700017008004100034010001700075035002000092040001800112042001200130050002500142100002500167245003000192260001200222300001900234500001500253600004200268999001700310ne 63000140 DLC20260227111740.0881028s1962 xx 000 0 ara  ane 63000140  a(OCoLC)23504472 aDLCcMiUdDLC apremarc00aPJ7862.A54bU45 19622 aEl Sakkakini, Widad.10aUmmahāt al-muʼminīn. c[1962?] a206 p.c19 cm. aRomanized.00aMuḥammad,cProphet,d-632vFiction. c45458d45458